000
00231as aa2200097a 44500
090
_a
SERIADAS
_b
01476
245
1
0
_a
Nature reviews genetics
260
_b
Nature Publishing Group
_a
Estados Unidos
041
0
_a
Inglés
942
_c
REVISTA
999
_c
17241
_d
17241